Roman Emperors in Order - Click Quiz - Statistics

General Stats
  • This quiz has been taken 38 times
  • The average score is 20 of 74
Answer Stats
Hint Answer % Correct
1 (27 BC) Augustus
94%
2 (14 AD) Tiberius
94%
3 (37 AD) Caligula
88%
4 (41 AD) Claudius
88%
5 (54 AD) Nero
88%
6 (68 AD) Galba
71%
7 (69 AD) Otho
71%
10 (79 AD) Titus
65%
9 (69 AD) Vespasian
65%
8 (69 AD) Vitellius
65%
11 (81 AD) Domitian
59%
12 (96 AD) Nerva
53%
13 (98 AD) Trajan
53%
14 (117 AD) Hadrian
47%
16/17 (161 AD) Marcus Aurelius/Lucius Verus
47%
18 (177 AD) Commodus
41%
15 (138 AD) Antoninus Pius
35%
27 (235 AD) Maximinus I Thrax
35%
22/23 (209 AD) Caracalla/Geta
29%
20 (193 AD) Didius Julianus
29%
25 (218 AD) Elagabalus
29%
28 (238 AD) Gordian I
29%
29 (238 AD) Gordian II
29%
31 (238 AD) Gordian III
29%
24 (217 AD) Macrinus
29%
19 (193 AD) Pertinax
29%
32 (244 AD) Philip the Arab
24%
30 (238 AD) Pupienus/Balbinus
24%
21 (193 AD) Septimius Severus
24%
26 (222 AD) Severus Alexander
24%
36 (253 AD) Aemilian
18%
39 (268 AD) Claudius Gothicus
18%
79 (467 AD) Anthemius
12%
68 (383 AD) Arcadius
12%
41 (270 AD) Aurelian
12%
45 (282 AD) Carus
12%
57/58/59 (337 AD) Constantine II/Constantius II/Constans I
12%
52/53/54 (306 AD) Constantine I/Maxentius/Severus II
12%
50/51 (305 AD) Constantius I Chlorus/Galerius
12%
48 (284 AD) Diocletian
12%
43 (276 AD) Florian
12%
38 (253 AD) Gallienus
12%
69 (393 AD) Honorius
12%
34/35 (251 AD) Hostilian/Trebonianus Gallus
12%
62 (363 AD) Jovian
12%
61 (360 AD) Julian the Apostate
12%
49 (286 AD) Maximian
12%
56 (311 AD) Maximinus II Daia
12%
46/47 (283 AD) Numerian/Carinus
12%
75 (455 AD) Petronius Maximus
12%
44 (276 AD) Probus
12%
40 (270 AD) Quintillus
12%
83 (475 AD) Romulus Augustulus
12%
42 (275 AD) Tacitus
12%
67 (379 AD) Theodosius I
12%
70 (402 AD) Theodosius II
12%
33 (249 AD) Trajan Decius
12%
64 (364 AD) Valens
12%
63 (364 AD) Valentinian I
12%
66 (375 AD) Valentinian II
12%
73 (424 AD) Valentinian III
12%
37 (253 AD) Valerian
12%
60 (350 AD) Vetranio
12%
76 (455 AD) Avitus
6%
71 (421 AD) Constantius III
6%
81 (473 AD) Glycerius
6%
65 (367 AD) Gratian
6%
72 (423 AD) Joannes
6%
82 (474 AD) Julius Nepos
6%
78 (461 AD) Libius Severus
6%
55 (308 AD) Licinius I
6%
77 (457 AD) Majorian
6%
74 (450 AD) Marcian
6%
80 (472 AD) Olybrius
6%
No matching quizzes found
Score Distribution
Percent of People with Each Score
Percentile by Number Answered
Your Score History
You have not taken this quiz